Statystyki dla schafter - wszystkie piosenki

Kliknij tutaj aby rozwiązać quiz!

Ogólne statystyki

  • Ten quiz został rozwiązany 37 razy
  • Średni wynik to 28 z 58

Statystyki odpowiedzi

HintOdpowiedźfeat% Poprawnych
audioteledouble D'sŻabson
96%
audiotelebigosTaco Hemingway
92%
hors d'oeuvre candy.doll
84%
hors d'oeuvre miami 1999
84%
hors d'oeuvre cameltoe
76%
audiotelepagerBelmondo
76%
hors d'oeuvre pub
76%
FUTURAswimming lessonsYoung Igi
76%
hors d'oeuvre tom & jerry
76%
audioteleakt zgonu in blancoRas, MŁODY DZBAN
72%
audioteleaperitif
72%
hors d'oeuvreblur
72%
audiotelecirque du soleilOki
72%
FUTURAwwwRosalie.
72%
hors d'oeuvre blow off
68%
hors d'oeuvre good will hunting
68%
FUTURAintro
68%
audiotelemartin shkreli freestyle
68%
FUTURAoutro
68%
audiotelepejzaż
68%
audiotelehot cofee
64%
audiotelemarvin
64%
audioteleridin' round the town w czyimś bel air
64%
audiotelewłosy
64%
FUTURA3.5 karrat
60%
FUTURAneed helpHouston X
60%
audiotelespumante
60%
audiotele
stjärnflocka
56%
FUTURAeskeemos
56%
audiotelekwaśny diesel
56%
FUTURAparyż z okna
56%
FUTURApush to talk
56%
audioteleshort & bittersweet
56%
FUTURAbombay
52%
FUTURA
für jenny
52%
audiotelegeekin in the booth
48%
FUTURAbrak zegarka
44%
FUTURAhow about tonight?
44%
FUTURAmało mi wciąż
44%
nie w albumachMANIFESTYN
44%
nie w albumachoversizejurciu
32%
nie w albumach6s iphone
24%
nie w albumachschafter
20%
nie w albumachhangout
16%
nie w albumachhotel wolnych .pokoi
16%
nie w albumachpagani
12%
nie w albumachwsiadam w lexus
12%
nie w albumachbudd dwyer freestyle
8%
nie w albumachLSPDTaco Hemingway
8%
nie w albumachver_sace
8%
nie w albumachvirtual plaza problems
8%
nie w albumachLATE NIGHT BUMP
4%
nie w albumachrx7 daft punk
4%
nie w albumachyou so fuckin' precious when u smile
4%
nie w albumachyung billy & restaurant posse
4%
nie w albumachcar jacker
0%
nie w albumachhit da
0%
nie w albumachskinny white pimp for love
0%

Rozkład punktacji

Percentyl według liczby udzielonych odpowiedzi

Procent ludzi z każdym wynikiem

Twoja historia wyników

Nie rozwiązałeś tego quizu